| 000 | 01692nam a22002657a 4500 | ||
|---|---|---|---|
| 999 |
_c59291 _d59291 |
||
| 003 | Ge_BSU | ||
| 005 | 20230721145007.0 | ||
| 008 | 221230s2022ge xxu||||| |||| 00| 0 geo d | ||
| 020 | _a9789941332319 | ||
| 041 | _ageo | ||
| 080 | _a32.001(479.22) ჩ-95 | ||
| 100 |
_aჩხაიძე, ირაკლი, ავტორი. _916658 |
||
| 245 |
_aანგელოზი" "დემონის" პირისპირ: _bდასავლეთის წინააღმდეგობრივი სახე საქართველოში / _cირაკლი ჩხაიძე ; რედ. ნინო ჩიქოვანი. |
||
| 264 |
_aთბილისი : _b უნივერსალი, _c 2022. |
||
| 300 |
_a152 გვ. ; _b21 სმ. |
||
| 504 | _aბიბლიოგრაფია ტექსტის შენიშვნებში და გვ. 134-144. | ||
| 520 | _aრეზიუმე ინგლისურ ენაზე. | ||
| 653 | _aქართული პოლიტიკა. | ||
| 653 | _aსაქართველოს საშინაო პოლიტიკა. | ||
| 700 |
_aჩიქოვანი, ნინო _eრედაქტორი. _916660 |
||
| 710 |
_aპროექტი განხორციელდა საქართველოს შოთა რუსთაველის ეროვნული სამეცნიერო ფონდის ფინანსური მხარდაჭერით. _916661 |
||
| 773 | _tნაჩუქარი | ||
| 856 |
_uhttps://dspace.nplg.gov.ge/bitstream/1234/395065/1/Dasavletis_Saxe.pdf _ypdf |
||
| 942 |
_2udc _cBK |
||